| 000 | 00458pab a2200193 454500 | ||
|---|---|---|---|
| 008 | 180718b1999 xxu||||| |||| 00| 0 eng d | ||
| 100 | _aSahay, C. | ||
| 245 | _aSexual harassment of working women | ||
| 260 | _c1999 | ||
| 300 | _ap.39-41 | ||
| 362 | _aApr | ||
| 650 | _aCrime - India | ||
| 650 | _aWomen - Crimes against | ||
| 650 | _aSexual abuse - India | ||
| 650 | _aWomen - India | ||
| 650 | _aWomen | ||
| 773 | _aCBI Bulletin | ||
| 909 | _a41986 | ||
| 999 |
_c41986 _d41986 |
||